[Event "Summer Playground (King's Indian Defence)"]
[Site "SchemingMind.com"]
[Date "2021.07.17"]
[Round "-"]
[White "Greg Magne"]
[Black "ray winteringham"]
[Result "1-0"]
[WhiteCountry "CAN"]
[BlackCountry "ENG"]
[WhiteElo "1822"]
[WhiteRD "82"]
[BlackElo "1511"]
[BlackRD "50"]
[GameID "713564"]

1. d4 Nf6 2. c4 g6 3. Nc3 Bg7 4. e4 d6 5. f3 O-O 6. Bd3 b6 7. Nge2 Bb7 8. Be3 c5 9. d5 Nbd7 10. a3 e6
11. Qc2 e5 12. b4 a6 13. bxc5 Nxc5 14. Rb1 Nfd7 15. O-O Nxd3 16. Qxd3 a5 17. Na4 Ra6 18. Rb2 Qc7 19. Rfb1 Rb8 20. Nxb6 Nc5
21. Qc2 f5 22. Na4 Nxa4 23. Qxa4 h5 24. Nc3 Bf6 25. Nb5 Qd7 26. Qc2 f4 27. Bf2 g5 28. a4 g4 29. c5 dxc5 30. Qxc5 gxf3
31. gxf3 Bg5 32. Nc7 Rg6 33. Rb6 Be7+ 34. Rxg6+ Kh7 35. Qb6
1-0

[Event "Summer Playground (King's Indian Defence)"]
[Site "SchemingMind.com"]
[Date "2021.07.17"]
[Round "-"]
[White "ray winteringham"]
[Black "Greg Magne"]
[Result "0-1"]
[WhiteCountry "ENG"]
[BlackCountry "CAN"]
[WhiteElo "1513"]
[WhiteRD "49"]
[BlackElo "1822"]
[BlackRD "79"]
[GameID "713565"]

1. d4 Nf6 2. c4 g6 3. Nc3 Bg7 4. e4 d6 5. f3 O-O 6. Be3 e5 7. d5 Ne8 8. Bd3 f5 9. Nge2 Nd7 10. b4 f4
11. Bd2 Ndf6 12. a4 g5 13. Qb3 g4 14. O-O-O Bd7 15. Kb2 Kh8 16. Ra1 c6 17. c5 dxc5 18. b5 cxb5 19. Bxb5 a6 20. Bc4 Nd6
21. Kc2 Nxc4 22. Qxc4 Rb8 23. Qxc5 Rc8 24. Qa3 Rc4 25. Rhb1 Qc7 26. Kd1 Rc8 27. a5 Bf8 28. Qb2 gxf3 29. gxf3 Rb4 30. Qc1 Rxb1
31. Qxb1 Rb8 32. Qa2 Qc5 33. Rc1 Qf2 34. Kc2 Qxf3 35. Rg1 Re8 36. d6 Be6 37. Qb2 Bxd6 38. Qxb7 Nd7 39. Qc6 Bf8 40. Be1 Qe3
41. Rf1 Qc5 42. Qxa6 Nf6 43. Kb1 Qb4+ 44. Kc1 Nxe4 45. Qd3 Qa3+ 46. Kc2 Qb3+ 47. Kc1 Ba3#
0-1

[Event "Summer Playground (King's Indian Defence)"]
[Site "SchemingMind.com"]
[Date "2021.08.12"]
[Round "-"]
[White "Arnold Jones"]
[Black "Praxis1"]
[Result "0-1"]
[WhiteCountry "ENG"]
[BlackCountry "CAN"]
[WhiteElo "1524"]
[WhiteRD "58"]
[BlackElo "1938"]
[BlackRD "123"]
[GameID "714284"]

1. d4 Nf6 2. c4 g6 3. Nc3 Bg7 4. e4 d6 5. f3 O-O 6. d5 e6 7. e5 dxe5 8. Bg5 exd5 9. cxd5 h6 10. Bh4 c6
11. d6 Re8 12. Ne4 g5 13. Bf2 Qa5+ 14. Qd2 Qxd2+ 15. Kxd2 Nxe4+ 16. fxe4 Rd8 17. Bc5 b6 18. Ba3 c5 19. b4 Rxd6+ 20. Ke1 cxb4
21. Bxb4 Rd4 22. a3 Rxe4+ 23. Kf2 Rf4+ 24. Ke1 Na6 25. Bd2 Re4+ 26. Kf2 Nc5 27. Rb1 Bf5 28. Rb2 Rd8 29. Nf3 Rd3 30. Bb4 Bf8
31. Nd2 Rf4+ 32. Ke1 Re3+ 33. Kd1 Bg4+ 34. Nf3 Rexf3 35. gxf3 Bxf3+ 36. Be2 Bxh1 37. Rd2 a5 38. Bc3 Ne4 39. Bxe5 Nxd2 40. Bxf4 gxf4
41. Kxd2 Bxa3
0-1

[Event "Summer Playground (King's Indian Defence)"]
[Site "SchemingMind.com"]
[Date "2021.08.12"]
[Round "-"]
[White "Praxis1"]
[Black "Arnold Jones"]
[Result "1-0"]
[WhiteCountry "CAN"]
[BlackCountry "ENG"]
[WhiteElo "1938"]
[WhiteRD "123"]
[BlackElo "1524"]
[BlackRD "58"]
[GameID "714285"]

1. d4 Nf6 2. c4 g6 3. Nc3 Bg7 4. e4 d6 5. f3 e5 6. d5 Nbd7 7. Bg5 Nc5 8. Qd2 O-O 9. O-O-O Bd7 10. g4 Qe8
11. h4 h5 12. Bxf6 Bxf6 13. gxh5 Kh7 14. hxg6+ fxg6 15. Bh3 Bg7 16. Bxd7 Nxd7 17. Nh3 Bh6 18. Ng5+ Kg8 19. Qg2 Nc5 20. Kb1 Rf6
21. Nb5 Qe7 22. Rdg1 a6 23. Nc3 Nd3 24. Qd2 Nf4 25. h5 Nxh5 26. Ne2 Rff8 27. f4 Bxg5 28. Rxg5 Nxf4 29. Nxf4 Qxg5 30. Qh2 Rxf4
31. Qh8+
1-0

[Event "Summer Playground (King's Indian Defence)"]
[Site "SchemingMind.com"]
[Date "2021.08.14"]
[Round "-"]
[White "kenneth m day"]
[Black "Daniel Dubé"]
[Result "1-0"]
[WhiteCountry "USA"]
[BlackCountry "CAN"]
[WhiteElo "1690"]
[WhiteRD "51"]
[BlackElo "1563"]
[BlackRD "56"]
[GameID "714340"]

1. d4 Nf6 2. c4 g6 3. Nc3 Bg7 4. e4 d6 5. f3 O-O 6. Bd3 c5 7. d5 e6 8. Nge2 exd5 9. exd5 Re8 10. O-O Nbd7
11. Bd2 Ne5 12. Bg5 h6 13. Be3 Nxd3 14. Qxd3 Bf5 15. Qd2 Kh7 16. Rae1 h5 17. Bg5 Qd7 18. Ng3 a6 19. Qf4
1-0

[Event "Summer Playground (King's Indian Defence)"]
[Site "SchemingMind.com"]
[Date "2021.08.14"]
[Round "-"]
[White "Daniel Dubé"]
[Black "kenneth m day"]
[Result "0-1"]
[WhiteCountry "CAN"]
[BlackCountry "USA"]
[WhiteElo "1563"]
[WhiteRD "56"]
[BlackElo "1690"]
[BlackRD "51"]
[GameID "714341"]

1. d4 Nf6 2. c4 g6 3. Nc3 Bg7 4. e4 d6 5. f3 O-O 6. Bg5 Nbd7 7. Qd2 e5 8. d5 Nb6 9. a4 Bd7 10. a5 Nc8
11. h4 Ne7 12. Bd3 c6 13. Bh6 Nh5 14. Bxg7 Kxg7 15. Nh3 Bxh3 16. Rxh3 Nf4
0-1

[Event "Summer Playground (King's Indian Defence)"]
[Site "SchemingMind.com"]
[Date "2021.08.25"]
[Round "-"]
[White "maro"]
[Black "Wojtek26"]
[Result "1-0"]
[WhiteCountry "MEX"]
[BlackCountry "POL"]
[WhiteElo "1321"]
[WhiteRD "59"]
[BlackElo "1443"]
[BlackRD "58"]
[GameID "714650"]

1. d4 Nf6 2. c4 g6 3. Nc3 Bg7 4. e4 d6 5. f3 O-O 6. d5 e6 7. dxe6 Bxe6 8. Nge2 Bxc4 9. b3 Bxe2 10. Bxe2 Nc6
11. Bb2 Re8 12. O-O a6 13. Rb1 b5 14. Nd5 Nxd5 15. exd5 Bxb2 16. Rxb2 Ne5 17. f4 Nd7 18. Bg4 Nf6 19. Bh3 Re7 20. f5 Ne4
21. fxg6 fxg6 22. Be6+ Kg7 23. Qd4+
1-0

[Event "Summer Playground (King's Indian Defence)"]
[Site "SchemingMind.com"]
[Date "2021.08.25"]
[Round "-"]
[White "Wojtek26"]
[Black "maro"]
[Result "1-0"]
[WhiteCountry "POL"]
[BlackCountry "MEX"]
[WhiteElo "1443"]
[WhiteRD "58"]
[BlackElo "1321"]
[BlackRD "59"]
[GameID "714651"]

1. d4 Nf6 2. c4 g6 3. Nc3 Bg7 4. e4 d6 5. f3 O-O 6. Bd3 c6 7. Bg5 e5 8. dxe5 dxe5 9. Nge2 Na6 10. a3 Nc5
11. Bc2 Be6 12. b4 Na6 13. c5 b6 14. cxb6 axb6 15. O-O b5 16. Qxd8 Raxd8 17. Rad1 Bc4 18. Rxd8 Rxd8 19. Re1 c5 20. bxc5 Nxc5
21. Rb1 h6 22. Be3 Bf8 23. Ng3 Nd3 24. Nxb5 Nd7 25. a4 Ra8 26. Nc7 Rb8 27. Rxb8 Nxb8 28. Bxd3 Bxd3 29. Nf1 Nc6 30. Nd2 Bb4
31. Nd5 Ba5 32. Nf6+ Kg7 33. Nd7 f6 34. Nb3 Bb4 35. Nbc5 Bc2 36. Na6 Ba5 37. Ndc5 Kf7 38. Kf2 Ke7 39. Bxh6 Bb6 40. Be3 Kd6
41. Nb7+ Ke6 42. Bxb6
1-0

[Event "Summer Playground (King's Indian Defence)"]
[Site "SchemingMind.com"]
[Date "2021.08.25"]
[Round "-"]
[White "Kenny Elliott"]
[Black "Chessibelle"]
[Result "1-0"]
[WhiteCountry "USA"]
[BlackCountry "ENG"]
[WhiteElo "1507"]
[WhiteRD "70"]
[BlackElo "1031"]
[BlackRD "56"]
[GameID "714656"]

1. d4 Nf6 2. c4 g6 3. Nc3 Bg7 4. e4 d6 5. f3 Nc6 6. g4 O-O 7. Bd2 Nxd4 8. Nge2 c5 9. Nxd4 cxd4 10. Nb5 Qb6
11. Bf4 Nd7 12. Bd3 a6 13. Nxd6 exd6 14. Qd2 Re8 15. O-O-O Nc5 16. b3 Bf6 17. h4 Be7 18. h5 Nxd3+ 19. Qxd3 Qc5 20. Kb1 Kg7
21. hxg6 fxg6 22. Rh2 g5 23. e5 dxe5 24. Qxh7+ Kf8 25. Rh6 b5 26. Rg6 Bf6 27. Rg8#
1-0

[Event "Summer Playground (King's Indian Defence)"]
[Site "SchemingMind.com"]
[Date "2021.08.25"]
[Round "-"]
[White "Chessibelle"]
[Black "Kenny Elliott"]
[Result "0-1"]
[WhiteCountry "ENG"]
[BlackCountry "USA"]
[WhiteElo "1031"]
[WhiteRD "56"]
[BlackElo "1507"]
[BlackRD "70"]
[GameID "714657"]

1. d4 Nf6 2. c4 g6 3. Nc3 Bg7 4. e4 d6 5. f3 O-O 6. g4 c5 7. Nge2 cxd4 8. Nxd4 e5 9. Bg2 exd4 10. Qxd4 Nxg4
11. Qd3 Ne5 12. Qf1 Qh4+ 13. Kd1 Be6 14. Ne2 Bxc4 15. b3 Nd3 16. Ng3 Bxa1 17. bxc4 Nxc1 18. Kxc1 Qf4+ 19. Kc2 Be5 20. Ne2 Qe3
21. Kd1 Qd3+ 22. Kc1 Qxc4+ 23. Kd1 Qd3+ 24. Ke1 Rc8 25. Kf2 Rc2 26. Bh3 Bd4+ 27. Kg3 Rxe2 28. Kh4 Qd2 29. Bg4 Qh6+ 30. Kg3 Be5+
31. f4 Re3+ 32. Bf3 Bxf4+ 33. Kf2 Qh4+ 34. Kg2 Nd7 35. h3 Qg5+ 36. Bg4 Ne5 37. Qf2 Nxg4 38. hxg4 Qxg4+ 39. Kf1 Rc8 40. Rg1 Rc1+
0-1

[Event "Summer Playground (King's Indian Defence)"]
[Site "SchemingMind.com"]
[Date "2021.08.30"]
[Round "-"]
[White "Johnny Owens"]
[Black "Clive Everill"]
[Result "1-0"]
[WhiteCountry "USA"]
[BlackCountry "CZE"]
[WhiteElo "1993"]
[WhiteRD "79"]
[BlackElo "1663"]
[BlackRD "65"]
[GameID "714731"]

1. d4 Nf6 2. c4 g6 3. Nc3 Bg7 4. e4 d6 5. f3 a6 6. Be3 c6 7. Qd2 O-O 8. h4 b5 9. h5 Nxh5 10. Nge2 e5
11. O-O-O bxc4 12. g4 Nf6 13. dxe5 Ne8 14. exd6 Nd7 15. Nd4 Bb7 16. Qh2 Nef6 17. Nf5 h5 18. Ne7+ Kh8 19. gxh5 Nxh5 20. Qxh5+ gxh5
21. Rxh5+ Bh6 22. Rxh6+ Kg7 23. Nf5+ Kg8 24. Bxc4 Ne5 25. Rg1+ Ng6 26. Rgxg6#
1-0

[Event "Summer Playground (King's Indian Defence)"]
[Site "SchemingMind.com"]
[Date "2021.08.30"]
[Round "-"]
[White "Clive Everill"]
[Black "Johnny Owens"]
[Result "0-1"]
[WhiteCountry "CZE"]
[BlackCountry "USA"]
[WhiteElo "1663"]
[WhiteRD "65"]
[BlackElo "1993"]
[BlackRD "79"]
[GameID "714732"]

1. d4 Nf6 2. c4 g6 3. Nc3 Bg7 4. e4 d6 5. f3 O-O 6. Nge2 a6 7. Be3 Nbd7 8. Ng3 h5 9. Bd3 c5 10. dxc5 h4
11. Nge2 Nxc5 12. Bc2 Be6 13. Bxc5 dxc5 14. Qxd8 Rfxd8 15. b3 b5 16. cxb5 axb5 17. e5 Nh5 18. f4 Nxf4 19. Rd1 Rxd1+ 20. Nxd1 Nxe2
21. Kxe2 Rxa2 22. Kd2 Bxb3
0-1

[Event "Summer Playground (King's Indian Defence)"]
[Site "SchemingMind.com"]
[Date "2021.09.02"]
[Round "-"]
[White "kenneth m day"]
[Black "wight knight"]
[Result "1-0"]
[WhiteCountry "USA"]
[BlackCountry "ENG"]
[WhiteElo "1699"]
[WhiteRD "55"]
[BlackElo "1234"]
[BlackRD "57"]
[GameID "714941"]

1. d4 Nf6 2. c4 g6 3. Nc3 Bg7 4. e4 d6 5. f3 c6 6. Be3 Na6 7. e5 dxe5 8. dxe5 Qxd1+ 9. Rxd1 Nd7 10. f4 f6
11. Nf3 Nb4 12. Rd2 b6 13. Be2 Nc5 14. O-O Bg4 15. a3 Nba6 16. Rfd1 Bxf3 17. Bxf3 O-O 18. Bxc6 Rac8 19. Bf3 h5 20. Nd5 Rce8
21. Nc3 h4 22. Nb5 Nb3 23. Rd7 Nbc5 24. Rxa7 Rd8 25. Rxd8 Rxd8 26. Rxe7 Nd3 27. Bd5+ Kh7 28. exf6 Rg8 29. Bxg8+ Kxg8 30. Rxg7+ Kf8
31. b3 Nac5 32. b4 Ne4 33. Bxb6 Nxf6 34. Rxg6 Nh7 35. f5 Ne5 36. Rh6 Kg7 37. Rxh4 Nf6 38. a4 Nc6 39. Bc5 Ne5 40. a5 Nc6
41. a6 Nd7 42. Bd6
1-0

[Event "Summer Playground (King's Indian Defence)"]
[Site "SchemingMind.com"]
[Date "2021.09.02"]
[Round "-"]
[White "wight knight"]
[Black "kenneth m day"]
[Result "0-1"]
[WhiteCountry "ENG"]
[BlackCountry "USA"]
[WhiteElo "1234"]
[WhiteRD "57"]
[BlackElo "1699"]
[BlackRD "55"]
[GameID "714942"]

1. d4 Nf6 2. c4 g6 3. Nc3 Bg7 4. e4 d6 5. f3 O-O 6. Bg5 Nbd7 7. Bxf6 Nxf6 8. g4 h5 9. Bh3 hxg4 10. fxg4 c6
11. g5 Nh5 12. Bxc8 Rxc8 13. h4 Nf4 14. Qf3 e5 15. dxe5 dxe5 16. Rd1 Qb6 17. Nge2 Rcd8 18. Nxf4 exf4 19. b3 Qe3+ 20. Qxe3 fxe3
21. Rxd8 Bxc3+ 22. Ke2 Rxd8 23. Kxe3 Rd2 24. a4 Rb2 25. h5 gxh5 26. Rxh5 Rxb3 27. Kf4 Rb4 28. Kf5 Rxc4 29. g6 fxg6+ 30. Kxg6 Rxe4
31. Rh7 Rg4+ 32. Kh6 Rh4+
0-1

[Event "Summer Playground (King's Indian Defence)"]
[Site "SchemingMind.com"]
[Date "2021.09.10"]
[Round "-"]
[White "Praxis1"]
[Black "FcoRego"]
[Result "1-0"]
[WhiteCountry "CAN"]
[BlackCountry "ESP"]
[WhiteElo "2066"]
[WhiteRD "109"]
[BlackElo "2023"]
[BlackRD "84"]
[GameID "715152"]

1. d4 Nf6 2. c4 g6 3. Nc3 Bg7 4. e4 d6 5. f3 c5 6. dxc5 dxc5 7. Qxd8+ Kxd8 8. Be3 b6 9. e5 Nfd7 10. f4 Bb7
11. O-O-O e6 12. h4 h5 13. Nh3 Ke7 14. Ng5 Bh6 15. b3 Bxg5 16. hxg5 Na6 17. Rh2 Nc7 18. g3 Bf3 19. Rd3 Bg4 20. Rhd2 Rad8
21. Bg2 Nb8 22. Rd6 Bf5 23. Bf3 Rdg8 24. a4 Nca6 25. Nb5 Nb4 26. Nxa7 h4 27. g4 Bd3 28. Rxb6 N8a6 29. Nc6+ Kf8 30. Nxb4 Nxb4
31. Bxc5+ Kg7 32. Rxb4 Rd8 33. Bb6
1-0

[Event "Summer Playground (King's Indian Defence)"]
[Site "SchemingMind.com"]
[Date "2021.09.10"]
[Round "-"]
[White "FcoRego"]
[Black "Praxis1"]
[Result "1/2-1/2"]
[WhiteCountry "ESP"]
[BlackCountry "CAN"]
[WhiteElo "2035"]
[WhiteRD "82"]
[BlackElo "1984"]
[BlackRD "102"]
[GameID "715153"]

1. d4 Nf6 2. c4 g6 3. Nc3 Bg7 4. e4 d6 5. f3 O-O 6. Be3 c5 7. Nge2 Nc6 8. d5 Na5 9. Ng3 a6 10. Be2 Rb8
11. Rc1 b5 12. cxb5 axb5 13. Bxb5 Bd7 14. Bxd7 Nc4 15. Bb5 Nxe3 16. Qe2 Bh6 17. Rb1 e6 18. dxe6 fxe6 19. Nf1 Nxf1 20. Kxf1 Nh5
21. a4 Nf4 22. Qc2 d5 23. exd5 exd5 24. g3 d4 25. Ne4 Ne6 26. Kg2 Nc7 27. Bc4+ Kh8 28. Nxc5 Nd5 29. Bxd5 Qxd5 30. Rhf1 d3
31. Nxd3 Rbc8 32. Qd1 Rcd8 33. Nf4 Qf5 34. Qe1 Bxf4 35. gxf4 Qxf4 36. Qc3+ Kg8 37. Qb3+ Kg7 38. Rbd1 Rd2+ 39. Rxd2 Qxd2+ 40. Kg1 Qd4+
41. Kh1 Rf4 42. a5 Rf5 43. a6 Ra5 44. Rd1 Qf2 45. Qc3+ Kh6 46. Qd2+ Qxd2 47. Rxd2 Rxa6 48. b4 Ra1+ 49. Kg2 Rb1 50. Rd4 Kh5
51. Kg3 g5 52. h4 h6= 53. hxg5 hxg5 54. f4 Rb3+ 55. Kf2 g4= 56. Rd5+ Kh4 57. b5 g3+ 58. Kg2 Rb2+ 59. Kf3 Rb3+=
1/2-1/2

[Event "Summer Playground (King's Indian Defence)"]
[Site "SchemingMind.com"]
[Date "2021.09.20"]
[Round "-"]
[White "Johnny Owens"]
[Black "Kenny Elliott"]
[Result "1-0"]
[WhiteCountry "USA"]
[BlackCountry "USA"]
[WhiteElo "2016"]
[WhiteRD "81"]
[BlackElo "1549"]
[BlackRD "66"]
[GameID "715469"]

1. d4 Nf6 2. c4 g6 3. Nc3 Bg7 4. e4 d6 5. f3 O-O 6. Be3 b6 7. Bd3 Bb7 8. Qd2 Nbd7 9. Nh3 c5 10. d5 Ne5
11. Be2 Ned7 12. Bh6 Re8 13. Bxg7 Kxg7 14. g4 e6 15. dxe6 a6 16. exd7 Qxd7 17. Nf4 Bc6 18. O-O-O Red8 19. g5 Ne8 20. h4 a5
21. h5 a4 22. a3 Nc7 23. hxg6 fxg6 24. Nxg6 hxg6 25. Nd5 Bxd5 26. Qc3+ Kf8 27. Qf6+ Bf7 28. Rh8#
1-0

[Event "Summer Playground (King's Indian Defence)"]
[Site "SchemingMind.com"]
[Date "2021.09.20"]
[Round "-"]
[White "Kenny Elliott"]
[Black "Johnny Owens"]
[Result "0-1"]
[WhiteCountry "USA"]
[BlackCountry "USA"]
[WhiteElo "1507"]
[WhiteRD "70"]
[BlackElo "1993"]
[BlackRD "79"]
[GameID "715470"]

1. d4 Nf6 2. c4 g6 3. Nc3 Bg7 4. e4 d6 5. f3 O-O 6. Bd2 c5 7. d5 e6 8. Bg5 a6 9. Bd3 b5 10. f4 exd5
11. cxd5 c4 12. Be2 b4 13. Nb1 Re8 14. Qc2 h6 15. Bh4 g5 16. fxg5 Nxe4 17. Nf3 hxg5 18. Bg3 c3 19. Nxc3 bxc3 20. O-O-O cxb2+
21. Kb1 Nc3+ 22. Qxc3 Bxc3
0-1

[Event "Summer Playground (King's Indian Defence)"]
[Site "SchemingMind.com"]
[Date "2021.10.07"]
[Round "-"]
[White "Johnny Owens"]
[Black "Greg Magne"]
[Result "1-0"]
[WhiteCountry "USA"]
[BlackCountry "CAN"]
[WhiteElo "2056"]
[WhiteRD "80"]
[BlackElo "1866"]
[BlackRD "76"]
[GameID "716086"]

1. d4 Nf6 2. c4 g6 3. Nc3 Bg7 4. e4 d6 5. f3 O-O 6. Be3 e5 7. d5 Nbd7 8. g4 Ne8 9. h4 f5 10. h5 fxg4
11. hxg6 gxf3 12. gxh7+ Kh8 13. Nxf3 Ndf6 14. Nh4 Kxh7 15. Bh3 Bxh3 16. Rxh3 Rf7 17. Qf3 Kg8 18. Nf5 c6 19. O-O-O cxd5 20. Rdh1 d4
21. Qg2 dxc3 22. Rh8#
1-0

[Event "Summer Playground (King's Indian Defence)"]
[Site "SchemingMind.com"]
[Date "2021.10.07"]
[Round "-"]
[White "Greg Magne"]
[Black "Johnny Owens"]
[Result "0-1"]
[WhiteCountry "CAN"]
[BlackCountry "USA"]
[WhiteElo "1866"]
[WhiteRD "76"]
[BlackElo "2056"]
[BlackRD "80"]
[GameID "716087"]

1. d4 Nf6 2. c4 g6 3. Nc3 Bg7 4. e4 d6 5. f3 O-O 6. Bd3 c5 7. Be3 Ng4 8. Bg5 cxd4 9. Nd5 f6 10. Bh4 Ne5
11. Ne2 e6 12. Nb4 Qb6 13. Nc2 Nxd3+ 14. Qxd3 e5 15. O-O f5 16. b4 Be6 17. c5 dxc5 18. Be7 c4 19. Qd1 Rc8 20. Bc5 Rxc5
21. bxc5 Qxc5 22. Ng3 d3+ 23. Kh1 f4 24. Ne1 fxg3 25. hxg3 Qe3 26. Rb1 Qh6+ 27. Kg1 Bf8 28. Nxd3 cxd3 29. Qxd3 Bc5+ 30. Rf2 Nd7
31. Rxb7 Qc1+ 32. Kh2 Bxf2
0-1

[Event "Summer Playground (King's Indian Defence)"]
[Site "SchemingMind.com"]
[Date "2021.11.08"]
[Round "-"]
[White "kenneth m day"]
[Black "Praxis1"]
[Result "1-0"]
[WhiteCountry "USA"]
[BlackCountry "CAN"]
[WhiteElo "1737"]
[WhiteRD "54"]
[BlackElo "1984"]
[BlackRD "102"]
[GameID "717046"]

1. d4 Nf6 2. c4 g6 3. Nc3 Bg7 4. e4 d6 5. f3 O-O 6. Bg5 h6 7. Be3 c5 8. Bd3 cxd4 9. Bxd4 Nc6 10. Be3 Ne5
11. Be2 Be6 12. Qd2 Nxc4 13. Qc1 Nxe3 14. Qxe3 Rc8 15. Bd3 Qa5 16. Ne2 Nd7 17. O-O Ne5 18. Bc2 Nc4 19. Qc1 Qc5+ 20. Kh1 Ne3
21. Re1 Nxc2 22. Qxc2 b5 23. a3
1-0

[Event "Summer Playground (King's Indian Defence)"]
[Site "SchemingMind.com"]
[Date "2021.11.08"]
[Round "-"]
[White "Praxis1"]
[Black "kenneth m day"]
[Result "0-1"]
[WhiteCountry "CAN"]
[BlackCountry "USA"]
[WhiteElo "1984"]
[WhiteRD "102"]
[BlackElo "1737"]
[BlackRD "54"]
[GameID "717047"]

1. d4 Nf6 2. c4 g6 3. Nc3 Bg7 4. e4 d6 5. f3 O-O 6. Be3 e5 7. d5 c6 8. Qd2 Bd7 9. Nge2 Na6 10. dxc6 Bxc6
11. g4 Rc8
0-1

[Event "Summer Playground (King's Indian Defence)"]
[Site "SchemingMind.com"]
[Date "2021.11.28"]
[Round "-"]
[White "Johnny Owens"]
[Black "kenneth m day"]
[Result "1-0"]
[WhiteCountry "USA"]
[BlackCountry "USA"]
[WhiteElo "2089"]
[WhiteRD "80"]
[BlackElo "1700"]
[BlackRD "53"]
[GameID "717935"]

1. d4 Nf6 2. c4 g6 3. Nc3 Bg7 4. e4 d6 5. f3 O-O 6. Be3 e5 7. d5 c6 8. Qd2 cxd5 9. cxd5 b6 10. Nge2 Bb7
11. g4 Nbd7 12. Ng3 Rc8 13. h4 Re8 14. g5 Nh5 15. Nxh5 gxh5 16. O-O-O Nc5 17. Kb1 Rc7 18. Ne2 a5 19. Ng3 Qa8 20. Nxh5 Bh8
21. Nf6+ Bxf6 22. gxf6 Nd7 23. Qg2+
1-0

[Event "Summer Playground (King's Indian Defence)"]
[Site "SchemingMind.com"]
[Date "2021.11.29"]
[Round "-"]
[White "kenneth m day"]
[Black "Johnny Owens"]
[Result "0-1"]
[WhiteCountry "USA"]
[BlackCountry "USA"]
[WhiteElo "1700"]
[WhiteRD "53"]
[BlackElo "2089"]
[BlackRD "80"]
[GameID "717936"]

1. d4 Nf6 2. c4 g6 3. Nc3 Bg7 4. e4 d6 5. f3 O-O 6. Be3 c5 7. dxc5 dxc5 8. Qd2 Qa5 9. Bd3 Nc6 10. Nge2 Rd8
11. Nf4 Ne5 12. O-O Nxc4 13. Qe2 Nxe3 14. Qxe3 Nh5 15. Nxh5 Bd4
0-1